Normal view
MARC view
- 1. Universo
Entry Personal Name
001 - CONTROL NUMBER
- control field: 35237
003 - CONTROL NUMBER IDENTIFIER
- control field: IT-RoPau
005 - DATE AND TIME OF LATEST TRANSACTION
- control field: 20150707223621.0
008 - FIXED-LENGTH DATA ELEMENTS
- fixed length control field: 150707|| aca||aabn | a|a d
040 ## - CATALOGING SOURCE
- Original cataloging agency: IT-RoPau
- Transcribing agency: IT-RoPau
100 ## - HEADING--PERSONAL NAME
- Personal name: 1. Universo
670 ## - SOURCE DATA FOUND
- Source citation: Work cat.: (IT-RoPau)24290: Giorgio Abetti 35236, La vita dell’universo